000 00664cam a2200205 4500
001 1972
005 20181127164321.0
008 950711s1995 nyua 000 0 eng
010 _a 95034785
020 _a0399140832 (acid-free paper)
043 _an-us---
100 1 _aKuralt, Charles,
_d1934-1997.
245 1 0 _aCharles Kuralt's America /
_cCharles Kuralt.
246 3 0 _aAmerica
260 _aNew York :
_bG.P. Putnam's Sons,
_cc1995.
300 _axvii, 279 p. :
_bill. ;
_c24 cm.
600 1 0 _aKuralt, Charles,
_d1934-1997
_xTravel
_zUnited States.
651 0 _aUnited States
_xDescription and travel.
651 0 _aUnited States
_xSocial life and customs
_y1971-
999 _c1524
_d1524